Engineering mechanics statics and dynamics (Record no. 5285)
[ view plain ]
| 000 -LEADER | |
|---|---|
| fixed length control field | 00288nam a2200121Ia 4500 |
| 082 ## - DEWEY DECIMAL CLASSIFICATION NUMBER | |
| Classification number | 620.103 |
| Item number | TAY |
| 100 ## - MAIN ENTRY--PERSONAL NAME | |
| Personal name | Tayal,A.K |
| 245 ## - TITLE STATEMENT | |
| Title | Engineering mechanics statics and dynamics |
| 250 ## - EDITION STATEMENT | |
| Edition statement | 14th Ed. |
| 260 ## - PUBLICATION, DISTRIBUTION, ETC. (IMPRINT) | |
| Name of publisher, distributor, etc | Umesh Publications |
| Place of publication, distribution, etc | N.Delhi |
| Year of Publication | 2011 |
| 300 ## - PAGE DESCRIPTION | |
| No. of Pages | 671p. |
| 942 ## - ADDED ENTRY ELEMENTS (KOHA) | |
| Source of classification or shelving scheme | Dewey Decimal Classification |
| Koha item type | Books |
| Withdrawn status | Lost status | Source of classification or shelving scheme | Damaged status | Not for loan | Home library | Current library | Date acquired | SGTU | Total Checkouts | Full call number | Accession No. (Barcode) | Date last seen | Date last borrowed | Bill Date | Koha item type | Total Renewals |
|---|---|---|---|---|---|---|---|---|---|---|---|---|---|---|---|---|
| Dewey Decimal Classification | SGT Engineering Library | SGT Engineering Library | 02/07/2011 | SGTU | 4 | 620.103 TAY | FE3763 | 08/09/2025 | 03/09/2025 | 09/02/2015 | Books | |||||
| Dewey Decimal Classification | SGT Engineering Library | SGT Engineering Library | 02/07/2011 | SGTU | 6 | 620.103 TAY | FE3764 | 21/01/2019 | 19/11/2018 | 09/02/2015 | Books | 1 | ||||
| Dewey Decimal Classification | SGT Engineering Library | SGT Engineering Library | 02/07/2011 | SGTU | 4 | 620.103 TAY | FE3765 | 28/11/2018 | 26/11/2018 | 09/02/2015 | Books | 4 | ||||
| Withdrawn | Dewey Decimal Classification | SGT Engineering Library | SGT Engineering Library | 02/07/2011 | SGTU | 620.103 TAY | FE3766 | 09/02/2015 | 09/02/2015 | Books | ||||||
| Dewey Decimal Classification | SGT Engineering Library | SGT Engineering Library | 02/07/2011 | SGTU | 3 | 620.103 TAY | FE3767 | 28/11/2018 | 15/10/2018 | 09/02/2015 | Books | 4 |